Utopías libertarias americanas : (Record no. 67721)

MARC details
000 -LEADER
fixed length control field 00711cam a2200217 4500
008 - FIXED-LENGTH DATA ELEMENTS--GENERAL INFORMATION
fixed length control field 090520t19911991sp a 00o 0 spa u
020 ## - INTERNATIONAL STANDARD BOOK NUMBER
International Standard Book Number 8486474086
050 04 - LIBRARY OF CONGRESS CALL NUMBER
Classification number HX806
Item number G66 1991
100 1# - MAIN ENTRY--PERSONAL NAME
Personal name Gómez Tovar, Luis
245 10 - TITLE STATEMENT
Title Utopías libertarias americanas :
Remainder of title La ciudad anarquista Americana /
Statement of responsibility, etc Luis Gómez Tovar, Ramón Gutiérrez, Silvia A. Vázquez.
260 ## - PUBLICATION, DISTRIBUTION, ETC. (IMPRINT)
Place of publication, distribution, etc Madrid, España :
Name of publisher, distributor, etc Tuero,
Date of publication, distribution, etc 1991
300 ## - PHYSICAL DESCRIPTION
Extent 180 p. :
Other physical details il. ;
Dimensions 21 cm.
440 #0 - SERIES STATEMENT/ADDED ENTRY--TITLE
Title Investigación y crítica
504 ## - BIBLIOGRAPHY, ETC. NOTE
Bibliography, etc Incluye índice
650 #7 - SUBJECT ADDED ENTRY--TOPICAL TERM
Topical term or geographic name as entry element Utopías
Source of heading or term Lemb
650 #7 - SUBJECT ADDED ENTRY--TOPICAL TERM
Topical term or geographic name as entry element Anarquismo
Source of heading or term Lemb
700 1# - ADDED ENTRY--PERSONAL NAME
Personal name Gutíerrez, Ramón, coaut.
700 1# - ADDED ENTRY--PERSONAL NAME
Personal name Vazquéz, Silvia A., coaut.
942 ## - ADDED ENTRY ELEMENTS (KOHA)
Source of classification or shelving scheme Biblioteca del Cogreso de los Estados Unidos
Koha item type Libro
Holdings
Estado de pérdida Fuente de clasificación Estado del daño No para préstamo Ubicación permanente Ubicación actual Apartado o colección Fecha de adquisición Edición Dependencia de educación superior (DES) Área del conocimiento Clasificación Código de Barras Date last seen Número de copia Tipo de recurso
  Biblioteca del Cogreso de los Estados Unidos     Biblioteca del Instituto de Investigaciones Históricas Biblioteca del Instituto de Investigaciones Históricas General 11/09/2018 1a ed. Humanidades Ciencias Sociales y Administrativas HX806 G66 1991 IIH000003836 11/09/2018 C:1 Libro